[Event "Corus-B"]
[Site "Wijk aan Zee"]
[Date "2005.01.15"]
[Round "1"]
[White "Nijboer, Friso"]
[Black "Mamedyarov, Shakhriyar"]
[Result "0-1"]
[WhiteElo "2549"]
[BlackElo "2657"]
[Annotator "Aagaard,J"]
[PlyCount "67"]
[EventDate "2005.01.15"]
[EventType "tourn"]
[EventRounds "13"]
[EventCountry "NED"]
[EventCategory "13"]
[SourceTitle "CBM 105"]
[Source "ChessBase"]
[SourceDate "2005.04.11"]
[SourceVersion "1"]
[SourceVersionDate "2005.04.11"]
[SourceQuality "1"]

1. e4 c5 2. Nf3 d6 3. d4 cxd4 4. Nxd4 Nf6 5. Nc3 a6 6. Be3 e5 7. Nb3 Be6 8. f3
Be7 9. Qd2 O-O 10. O-O-O Qc7 11. g4 Nbd7 12. Kb1 b5 13. g5 Nh5 14. Nd5 Bxd5 15.
exd5 Nb6 16. Rg1 Rab8 17. h4 $5 $146 (17. Na5 Nxd5 18. Qxd5 Qxa5 19. Bh3 (19.
Bd3) 19... Qb4 20. c3 Qh4 21. Bd7 Rbd8 22. Qb7 Nf4 23. Bxb5 axb5 24. Qxe7 Ng6
25. Qb7 Qxh2 26. Qe4 Qh3 27. Rd5 Qe6 28. Rgd1 Ra8 29. a3 Ra4 30. Qc2 Qh3 31.
Rxb5 Rh4 32. Rb4 Rxb4 33. axb4 Qxf3 34. Qb3 d5 35. Qa2 Nf4 {1-0 Acs,P-Womacka,
M/Pardubice 2002/CBM 089 ext}) 17... g6 (17... Nc4 18. Bxc4 bxc4 19. Qc3 f5 20.
Na5 $14) 18. f4 $5 (18. Na5 Nxd5 19. Qxd5 Qxa5 $13) 18... Nxf4 (18... Nc4 19.
Bxc4 bxc4 20. Qc3 $1 exf4 (20... Nxf4 21. Bxf4 exf4 22. Rd4 Rfc8 23. Na5 $14)
21. Bf2 $14 Rb5 $6 22. a4 $1 Rbb8 23. Na5 $16) 19. Bxf4 exf4 (19... Nc4 $5) 20.
Qxf4 Rfe8 $1 {Regrouping the bishop.} (20... Rbc8 21. Rd2 Nc4 22. Rh2 $40) 21.
h5 Bf8 22. hxg6 hxg6 23. Rh1 Bg7 24. Qh4 (24. Qh2 $2 Na4 25. c3 b4 $1 (25...
Nxc3+ $2 26. bxc3 Qxc3 27. Qd2 $1 $14) 26. cxb4 Rxb4 $15) 24... Na4 25. Rd4 $5
(25. Nd4 Rbc8 26. Bh3 (26. Bd3 Nxb2) 26... Bxd4 $5 (26... Nxb2 27. Rdf1 Nc4 28.
Bxc8 Nd2+ 29. Kc1 Nxf1 30. Ne6 Rxe6 31. dxe6 Qc3 32. Qh7+ Kf8 33. e7+ Kxe7 34.
Rxf1 Qa1+ 35. Kd2 Qd4+ $11) 27. Bxc8 {Diagram [#]} Bg7 $3 (27... Bxb2 $4 28.
Rd4 $3 $18 Bxd4 29. Qxd4 Re5 30. Qh4 Kf8 31. Qh8+ Ke7 32. Qf6+ Ke8 33. Rh8#)
28. Be6 $3 (28. Qh7+ Kf8 29. Qh8+ Bxh8 30. Rxh8+ Kg7 31. Rxe8 Qc4 $17) 28...
Nc3+ $3 29. bxc3 Qxc3 30. Kc1 Qa3+ 31. Kd2 Qc3+ 32. Ke2 fxe6 33. Qh7+ Kf8 34.
Rhf1+ Ke7 35. Rf3 (35. Rf6 $2 exd5 $3 36. Kf1 Kd8 $17) 35... Qxc2+ 36. Rd2 Qe4+
37. Kf2 Kd8 $1 38. Qxg7 Qh4+ 39. Kg2 Qxg5+ 40. Kh3 $11) 25... Rbc8 26. Bd3 {
Diagram [#]} Re2 $2 (26... Re7 $5 $14) (26... Nxb2 $1 27. Kxb2 (27. Bxg6 $2 Na4
$1 28. Kc1 Nc3 29. Bf5 Ne2+ 30. Kd1 Nxd4 31. Nxd4 Qc4 32. Bxc8 Rxc8 $19) 27...
Qc3+ 28. Kc1 (28. Kb1 $2 Rc4 $3 (28... Re3 29. Bxg6 fxg6 30. Qh7+ Kf8 31. Rf1+
Rf3 32. Rxf3+ Qxf3 33. Qxg6 Bxd4 34. Qxd6+ Ke8 35. Qe6+ Kd8 36. Qd6+ Ke8 37.
Qe6+ $11) 29. Bxc4 bxc4 30. Qh3 Bxd4 (30... Qxh3 31. Rxh3 Re1+ 32. Kb2 cxb3 33.
Rhd3 Re4 34. c3 Bxd4 35. cxd4 bxa2 $15) 31. Qh7+ Kf8 32. Nxd4 Qxd4 33. Qh8+
Qxh8 34. Rxh8+ Ke7 35. Rh4 c3 36. Rc4 Rb8+ 37. Kc1 Rb5 $17) 28... Bxd4 $5 (
28... Re3 29. Bxg6 (29. Qh7+ Kf8 30. Bxg6 Rce8 31. Bh5 Re1+ 32. Rxe1 Rxe1+ 33.
Rd1 $11) 29... fxg6 30. Qh7+ Kf7 31. Rf1+ Rf3 32. Rf4+ Ke7 (32... Rxf4 33.
Rxf4+ Ke7 34. Re4+ $16) 33. Qxg6 Rxf4 34. Qe6+ $11) 29. Nxd4 $1 (29. Qxd4 Qxd4
30. Nxd4 Rc5 $15) 29... Qa1+ 30. Kd2 Qc3+ 31. Kc1 $11) 27. Bxg6 $1 (27. Qh7+ $5
Kf8 28. Bxg6) 27... Kf8 28. Rf1 (28. Qh7 $5 $18 {Fritz.}) 28... Rxc2 29. Qf4 $4
(29. Rd2 $1 Rxd2 30. Nxd2 Bxb2 31. Nb3 $1 (31. a3 $5) 31... Bg7 32. Rxf7+ Qxf7
33. Bxf7 Nc3+ 34. Kc2 Nxd5+ 35. Kd2 Kxf7 36. Qh5+ Kg8 37. Qg6 $16) 29... Rxb2+
30. Ka1 Rg2 (30... Be5 $1 $19) 31. Qe3 (31. Qxf7+ Qxf7 32. Rxf7+ Kg8 $19) 31...
Re8 32. Qd3 (32. Qf3 Ree2 33. Qxf7+ Qxf7 34. Rxf7+ Kg8 35. Rxg7+ Kxg7 36. Bb1
Nc3 $19) 32... Ree2 33. Bxf7 Rxa2+ 34. Kb1 0-1

[Event "Paris op"]
[Site "Paris"]
[Date "1996.??.??"]
[Round "1"]
[White "Anagnostopoulos, Dimitrios"]
[Black "Marcantoni, Herve"]
[Result "1/2-1/2"]
[WhiteElo "2460"]
[BlackElo "2305"]
[Annotator "Anagnostopoulos,D"]
[PlyCount "56"]
[EventDate "1996.04.??"]
[EventType "swiss"]
[EventRounds "9"]
[EventCountry "FRA"]
[SourceTitle "EXT 1997"]
[Source "ChessBase"]
[SourceDate "1996.11.15"]
[SourceVersion "1"]
[SourceVersionDate "1996.11.15"]
[SourceQuality "1"]

1. e4 c5 2. Nf3 d6 3. d4 cxd4 4. Nxd4 Nf6 5. Nc3 a6 6. Be3 e5 7. Nb3 Be6 8. Qd2
Be7 9. f3 O-O {une nouvelle idee qui surpris Agnos} 10. O-O-O a5 11. a4 Nc6 12.
Qf2 {pour empecher la manoeuvre Cd7-b6 (sur un eventuel g4 suivi de g5 et h4,
par exemple)} Qc8 13. Kb1 Nb4 14. Bg5 (14. g4 d5 $1 15. g5 d4 $1) 14... Rd8 15.
h4 (15. Bb5 Ng4 $5) 15... d5 16. exd5 Nfxd5 17. Nxd5 Nxd5 18. Bxe7 (18. Rxd5
Bxg5 (18... Rxd5 19. Bxe7 Qd7 (19... Rd1+ 20. Nc1 Qd7 21. Bb5 $14) 20. Ba3 Rd1+
21. Nc1 Qxa4 $44) 19. Rxd8+ Bxd8 $10) 18... Nc3+ 19. bxc3 Rxd1+ 20. Kb2 b5 $1 {
le coup qu'Agnos avait sous-estime} 21. Qe2 Qd7 22. Qe4 (22. Nc5 $5 Qxe7 (22...
Qd5 23. Nxe6 bxa4 24. Nc7) 23. Nxe6) 22... Bd5 23. Qxe5 Bxb3 24. Bxb5 Qd2 25.
Qe4 Qc1+ 26. Kxb3 Qb1+ 27. Ka3 Qa1+ 28. Kb3 Qb1+ {incroyable! 28 ...Tc8 suivi
de Txh1 donne de bonnes chances de gain aux Noirs (notes basees sur l'analyse
post-mortem des deux joueurs)[#]} 1/2-1/2

[Event "Bundesliga 1112"]
[Site "Germany"]
[Date "2011.12.10"]
[Round "6.3"]
[White "Balogh, Csaba"]
[Black "Areshchenko, Alexander"]
[Result "0-1"]
[WhiteElo "2662"]
[BlackElo "2672"]
[Annotator "Areshchenko/Meyer,CD"]
[PlyCount "120"]
[EventDate "2011.10.14"]
[EventType "team-tourn"]
[EventRounds "15"]
[EventCountry "GER"]
[SourceTitle "CBM 146"]
[Source "ChessBase"]
[SourceDate "2012.01.18"]
[SourceVersion "1"]
[SourceVersionDate "2012.01.18"]
[SourceQuality "1"]
[WhiteTeam "Eppingen"]
[BlackTeam "Werder Bremen"]
[WhiteTeamCountry "GER"]
[BlackTeamCountry "GER"]

1. e4 c5 2. Nf3 d6 3. d4 cxd4 4. Nxd4 Nf6 5. Nc3 a6 6. Be3 e5 7. Nf3 Be7 8. Bc4
O-O 9. O-O Qc7 10. Bb3 Be6 11. Nh4 g6 ({AA:} 11... Nxe4 $2 12. Nxe4 Bxb3 13.
cxb3 Bxh4 14. Qxd6 $14) ({AA:} 11... Nc6 12. Nf5 $14) 12. Bg5 ({Oder z.B.: I} 
12. Nf3 Re8 (12... b5 13. Bh6 Rc8 14. Ng5 Bxb3 15. cxb3 Nc6 16. f4 exf4 17.
Rxf4 Ne5 18. Kh1 Qd8 19. Qf1 Ra7 (19... b4) 20. a3 Rac7 21. Rd1 Rc5 22. b4 Rc4
23. Qf2 d5 24. exd5 Nfg4 25. Rxg4 Rxg4 26. Nge4 f5 27. d6 $2 (27. Nc5) 27...
Rxe4 $19 28. dxe7 Qxe7 $2 (28... Qxd1+ 29. Nxd1 Nd3 30. Qg1 Re1 $19) 29. Nxe4
$11 Ng4 30. Qd4 fxe4 31. Qd5+ Qf7 32. Qd8+ Qe8 33. Qd5+ {remis/35, Ni Hua 
(2607) - Aagaard,J (2447), Turin 2006}) 13. Qe2 b5 14. Ng5 Bxb3 15. axb3 b4 16.
Nd5 Nxd5 17. exd5 Nd7 $11 {remis/41, Salgado Lopez,I (2630) - Gallagher,J 
(2500), Aix-les-Bains 2011}) ({II} 12. Bh6 Rd8 13. Qf3 Nc6 14. Bxe6 fxe6 15.
Qh3 Nd4 16. Rad1 Qc4 17. Rd3 Bf8 18. Bg5 Bg7 19. Rfd1 Rf8 20. Nf3 Nh5 21. Nxd4
exd4 22. b3 Qc8 23. Ne2 e5 24. c3 $14 {remis/53, Swinkels,R (2516) - Burg,T 
(2422), Dieren 2009}) ({III} 12. f4 Ng4 (12... Bc4) 13. Nd5 Nxe3 (13... Bxd5
14. Qxg4 Bxe4 15. fxe5 d5 16. Nf5 Bxf5 17. Rxf5 Nd7) 14. Nxc7 Nxd1 15. Raxd1
Bxb3 16. axb3 Ra7 17. Nf3 exf4 18. Nd5 Bd8 19. Nxf4 b5 {remis/ 109, Fernandez
Siles,L (2291) - Salgado Lopez,I (2366), Malaga 2006}) 12... Nbd7 13. Qf3 Rfe8
14. g3 {/\Ng2-e3} ({AA:} 14. Bxe6 fxe6 15. Qh3 Bd8 $5 (15... Nc5) 16. Nf3 (16.
f4 exf4 17. Bxf4 Qc5+ 18. Kh1 (18. Be3 Qh5) 18... Ba5 $36) 16... b5 $11) 14...
b5 15. a3 Qb7 ({AA:} 15... Rab8 16. Ng2 b4 17. axb4 Bxb3 18. cxb3 Rxb4 19. Ne3
Rxb3 20. Rxa6 Qb8 21. Rfa1 Rxb2 22. Bxf6 Nxf6 23. Ncd5 Nxd5 24. Nxd5 $14) ({AA:
} 15... Rac8 $5 16. Ng2 Bg4 17. Qe3 Nc5 18. Ba2 Qc6 19. f3 Be6 $13) 16. Ng2
Bxb3 17. cxb3 b4 18. axb4 Qxb4 19. Qd1 ({AA:} 19. Ra3 Qb7 20. Bxf6 Nxf6 21. Ne3
d5 22. Ncxd5 Nxd5 23. Nxd5 Bxa3 24. Nf6+ Kf8 25. Nxe8 Bxb2 $11) ({AA:} 19. Ne3
$5 Qxb3 20. Rfb1 Rec8 21. h4 (21. Ra3 Qb7 22. Ng4 (22. b4 $44) 22... Kg7 23.
Bh6+ Kg8 24. Bg5 $11) 21... Bd8 22. Ra3 Qe6 23. b4 Bb6 $13) 19... Rab8 ({AA:} 
19... Reb8 $142 $1 20. Ne3 Qxb3 21. Bxf6 Nxf6 22. Qd3 $44) 20. Ra3 $6 ({AA:} 
20. Ne3 $142 Qxb3 21. Rxa6 Qxd1 22. Nexd1 Rb7 $11) 20... Qb7 21. Bxf6 Nxf6 22.
Ne3 d5 $1 ({AA:} 22... Nxe4 $2 23. Nxe4 Qxe4 24. Nd5 $14) 23. Nexd5 Nxd5 24.
Nxd5 Bxa3 25. Nf6+ Kf8 ({AA:} 25... Kh8 $5 26. Nxe8 Bxb2 27. Nd6 (27. Nf6 $2
Qxb3 28. Qg4 Qe6 29. Qg5 Ba3) 27... Qxb3 28. Qxb3 Rxb3 29. Rb1 a5 30. Nxf7+ Kg7
31. Nxe5 a4 32. Nc4 Kf6 33. Kf1 $11) 26. Nxe8 Bxb2 (26... Be7 27. Nd6 Qxb3 28.
Qxb3 Rxb3 29. Nc4 f6 30. Ra1 Rb4 31. b3 Rxb3 32. Rxa6 $11) 27. Nf6 Kg7 28. Qd6
Qb6 ({AA:} 28... Rc8 29. Nd5 Rc6 30. Qd8 Qc8 $11) 29. Ne8+ Kg8 30. Nf6+ Kh8 31.
Qd2 ({AA:} 31. Qe7 Qe6 32. Qxe6 (32. Qc7 Rc8 33. Qb7 Kg7 $15) 32... fxe6 33.
Nd7 (33. Rd1 Bd4 (33... Kg7 34. Nd7 Rxb3 35. Nc5 $11) 34. Rd3 h5 35. Rf3 Kg7
36. Kg2 Rf8 37. Nd7 Rd8 38. Nf6 a5 39. g4 $11) 33... Rc8 (33... Rxb3 34. Nc5
Rb6 35. Rb1 $11) 34. b4 $11) 31... Qxf6 32. Qxb2 Qe6 33. b4 Qd6 $15 {Diagramm #
} 34. f4 $2 {Gerät unnötig in Schwierigkeiten.} ({AA:} 34. Rb1 Rb5 35. Qa1 Kg7
36. Rd1 Qxb4 37. Qxa6 $11) 34... a5 $5 (34... Rxb4 35. Qxe5+ (35. fxe5 Qb6+ 36.
Qf2 Qxf2+ 37. Rxf2 Kg7 38. Ra2 $15 {/=}) 35... Qxe5 36. fxe5 Kg7 37. Ra1 Rxe4 (
37... Rb6 38. Kf2) 38. Ra5 $15 {/=}) 35. fxe5 Qb6+ $1 36. Kg2 $2 ({I} 36. Kh1
$1 {sollte besser entkorkt werden:} Qxb4 (36... Qe6 $6 37. Qa1 axb4 38. Rf6 Qc4
39. e6 Qc3 40. Qxc3 bxc3 41. exf7 Kg7 42. Rc6 Kxf7 43. Rxc3 Kf6 $11) 37. Qc2
Kg8 (37... Qb2 38. Qxb2 Rxb2 39. Rxf7 $11) 38. e6 $1 fxe6 39. Qc6 $44 {mit
ausreichendem Gegenspiel, z.B.:} Qb6 (39... Qe7 40. Qa6) (39... Qb3 40. Qd7 Rf8
(40... e5 41. Qc6 a4 42. Kg2 a3 43. Rf3 Qb2+ 44. Kh3 $11) 41. Rxf8+ Kxf8 42.
Qd8+ Kf7 43. Qc7+ Kf6 44. Kg2) 40. Qd7 Rf8 41. Rxf8+ Kxf8 42. h4 g5 43. Qxh7
Qb1+ 44. Kh2 Qb2+ 45. Kh1 (45. Kh3 $4 g4+ 46. Kxg4 Qg7+ $19) 45... gxh4 46.
Qxh4) ({II} 36. Rf2 $2 Qxb4 37. Qc2 (37. Qe2 Kg8 $17) 37... Qb1+ $1 38. Kg2
Qxc2 39. Rxc2 Ra8) 36... Qxb4 37. Qc2 Qb2 $1 ({AA:} 37... Qd4 $143 38. Qc6 Rb2+
39. Kh3 Qxe5 40. Qd5 Qxd5 41. exd5 Kg7 42. d6 $15 {/=}) 38. Qxb2 Rxb2+ 39. Kf3
{Diagramm #} a4 $2 $138 ({Unter Zeitdruck verpasst Schwarz den geeigneten
Moment, seine Turmstellung zu verbessern. Gewinnträchtig wäre} 39... Rb7 $1 {
(AA) gewesen, und nun z.B.:} 40. Ra1 (40. Ke3 Ra7 41. Kd4 a4 42. Kc5 Ra5+ 43.
Kb4 Rxe5 44. Rxf7 ({CDM:} 44. Kxa4 $2 Rxe4+ 45. Kb5 Kg7 $19 46. Rf2 f5 47. Kc5
Kf6 48. Kd5 (48. h4 Re3 49. Rg2 Ke5) 48... Kg5) 44... Rxe4+ 45. Kc5 Re2 46. Ra7
({CDM:} 46. h4 Re3 47. Ra7 Rxg3 48. Rxa4 Kg7 $19) 46... Rxh2 47. Rxa4 Rg2 48.
Ra3 Rd2 49. Kc4 Kg7 50. Kc3 Rd7 $17 {CDM: Bei dem abgesperrten weißen König
sollte der Sieg doch möglich sein, z.B.} 51. Ra5 (51. g4 Kf6 52. Ra5 h6 53. Rb5
Rd1) 51... h5 52. Kc2 Kh6 53. Rc5 Rd4 54. Ra5 Rg4 55. Ra3 h4) 40... Ra7 41. Ra4
Kg7 42. Ke3 (42. Kf4 h6) 42... Kf8 43. Kd4 Ke7 44. Kc5 Ke6 45. Kb6 Ra8 46. Kb7
Rd8 $17 {CDM: Schwarz steht auch hier vermutlich auf Gewinn, z.B.} 47. Rxa5 Rd2
48. Kc7 Rxh2 49. Kd8 Rb2 50. Ra7 Rb8+ 51. Kc7 Re8 52. Kb6 (52. Ra2 Kxe5) 52...
h5 53. Kc5 Re7) 40. Rc1 $2 {In komplizierter Lage revanchiert Weiß sich mit
seinem letzten Zug vor der Zeitkontrolle. Außerdem kamen in Betracht:} ({I CDM:
} 40. Ra1 $2 Rb3+ 41. Kf4 a3 42. e6 fxe6 43. Ke5 Kg7 44. Kxe6 Rb6+ 45. Ke7 Ra6
46. Ra2 Ra7+ 47. Ke6 Kf8 48. e5 Kg7 49. Kd6 Kf7 50. Rf2+ (50. e6+ Ke8) 50...
Ke8 51. Ra2 Ra6+ 52. Kd5 Ke7 $19) ({II AA: Nach} 40. Ke3 $1 Kg7 (40... Rb7 41.
e6 $1 fxe6 42. Rf8+ Kg7 43. Ra8 Rb4 44. h4 Kf6 45. g4 Ke5 46. Ra5+ Kd6 47. h5
gxh5 (47... Kc6 48. h6) 48. gxh5 h6) 41. Rf6 a3 (41... Rxh2 42. Ra6 Ra2 43. Ra7
Kf8 44. e6 fxe6 45. Kf4 $11) 42. Ra6 {gelingt es Weiß in jedem Fall, seinen
Turm aktiv hinter dem gegnerischen Freibauern zu postieren und sich zu
behaupten:} a2 43. h4 Kf8 44. g4 $1 (44. Ra7 $6 Ke8 45. Kd4 Kd8 46. Kc3 Re2 47.
Kb3 Rxe4 $17) 44... Ke7 45. g5 Kd7 46. Kd4 Kc7 47. Kc3 Rh2 48. Ra7+ Kb6 49. Ra8
Kb5 50. Rb8+ $11 {- ein kunstvolles Unterfangen.}) 40... Rb8 $1 $19 {Diagramm
# Das bereits in der Variante 40. Ra1? angezeigte Zugzwang-Thema (aktiver/
passiver Turm) wird lehrbuchhaft demonstriert.} 41. Kf4 a3 42. e6 fxe6 43. Ke5
a2 44. Ra1 Ra8 45. Kxe6 Kg7 46. e5 Ra7 47. g4 g5 48. Kf5 h6 49. Ke6 Kg6 50. Kd6
Kf7 51. e6+ Kf8 52. Ke5 (52. e7+ Ke8 53. Ke6 Ra6+) 52... Ke7 53. Kf5 Ra8 54. h3
(54. Kg6 Kxe6 55. Kxh6 Kf6 56. Kh7 (56. Rf1+ Ke5 57. Ra1 Kf4) 56... Ra3) 54...
Ra6 55. Kg6 Rxe6+ 56. Kh7 Ra6 57. Kg7 Ke8 58. Re1+ Kd7 59. Ra1 Ke7 60. Re1+ Kd6
0-1

[Event "Bagneux op"]
[Site "Bagneux"]
[Date "1988.07.??"]
[Round "6"]
[White "Armas, Julius"]
[Black "Brustman, Agnieszka"]
[Result "1-0"]
[WhiteElo "2460"]
[BlackElo "2395"]
[Annotator "Armas,J"]
[PlyCount "103"]
[EventDate "1988.07.??"]
[EventType "swiss"]
[EventRounds "9"]
[EventCountry "FRA"]
[SourceTitle "EXT 2002"]
[Source "ChessBase"]
[SourceDate "2001.11.25"]
[SourceVersion "1"]
[SourceVersionDate "2001.11.25"]
[SourceQuality "1"]

1. e4 c5 2. Nf3 d6 3. d4 cxd4 4. Nxd4 Nf6 5. Nc3 a6 6. Be3 e5 7. Nb3 Be6 8. Qd2
Nbd7 9. f3 Be7 10. O-O-O O-O 11. g4 b5 12. Qf2 b4 13. Nd5 Bxd5 14. exd5 a5 15.
g5 Nh5 16. Rg1 g6 $146 (16... Qc7 17. Nd2 a4 18. Kb1 Rfc8 19. Nc4 Qb7 20. b3
Nc5 21. Nxe5 axb3 22. cxb3 Nxb3 23. axb3 dxe5 24. d6 Rd8 25. Bc4 Rxd6 26. Rxd6
Bxd6 27. g6 hxg6 28. Rxg6 Qc7 29. Rg5 Qa5 30. Qb2 {1/2-1/2 (30) Lanc,A (2385)
-Szekely,P (2450) Trnava 1985}) 17. Kb1 Qc7 18. Nd2 a4 19. Rg4 Rfb8 20. Nc4 Bf8
21. f4 f5 22. gxf6 Ndxf6 23. Rh4 exf4 24. Bxf4 Nxf4 25. Rxf4 Nh5 26. Re4 Bg7
27. Qe3 Bf8 28. Bh3 Kh8 29. Rf1 Bg7 30. Nb6 $3 {Casse la défense de la 08ème
rangée (De l'Est à l'Ouest sur l'Echiquier)} b3 31. axb3 axb3 32. cxb3 Qxb6
33. Re8+ Rxe8 34. Qxb6 Re2 35. Rf2 Re1+ 36. Kc2 Nf6 37. Qxd6 Ne4 38. Qc6 Rd8
39. Rf1 Re2+ 40. Kd3 Rxb2 41. Kxe4 Rxb3 42. Rf3 Rb4+ 43. Ke3 Rdb8 44. d6 Rb3+
45. Kf2 Rb2+ 46. Kg1 Bd4+ 47. Kh1 Be5 48. d7 Rxh2+ 49. Kg1 Rd2 50. Rf7 Rd8 51.
Qe6 Rd1+ 52. Bf1 1-0

[Event "ROM-ch50 Final"]
[Site "Sinaia"]
[Date "1986.12.20"]
[Round "6"]
[White "Armas, Julius"]
[Black "Marin, Mihail"]
[Result "0-1"]
[WhiteElo "2330"]
[BlackElo "2425"]
[Annotator "Armas,J"]
[PlyCount "70"]
[EventDate "1986.12.11"]
[EventType "tourn"]
[EventRounds "10"]
[EventCountry "ROU"]
[EventCategory "6"]
[SourceTitle "EXT 2020"]
[Source "ChessBase"]
[SourceDate "2019.10.17"]
[SourceVersion "1"]
[SourceVersionDate "2019.10.17"]
[SourceQuality "1"]

1. e4 c5 2. Nf3 d6 3. d4 cxd4 4. Nxd4 Nf6 5. Nc3 a6 6. Be3 e5 7. Nb3 Be6 8. Qd2
Nbd7 9. f3 b5 10. a4 b4 11. Nd5 Bxd5 12. exd5 Nb6 13. Bxb6 Qxb6 14. a5 Qb7 15.
Bc4 Be7 16. Ra4 Rb8 17. Qd3 O-O 18. Bxa6 Qa7 19. Bb5 e4 20. fxe4 $146 (20. Qd4
Qc7 21. Bc6 exf3 22. gxf3 Nd7 23. Kd1 Ne5 24. Rg1 g6 25. Rf1 Nxc6 26. dxc6 d5
27. Kc1 Qxc6 28. Ra1 Bf6 29. Qd3 Rfe8 30. Kb1 Bg7 31. Rd1 Qf6 32. Ra2 Qh4 33.
a6 Qxh2 34. a7 Rbc8 35. Ra5 Qe5 36. Qd4 Qc7 37. Qc5 Qh2 38. a8=Q Rxa8 39. Rxa8
Rxa8 40. Qxb4 Qe2 41. Qd2 Qxf3 42. Nc5 Ra1+ {0-1 (42) Govedarica,R (2380)
-Raicevic,M (2375) Belgrade 1984}) 20... Nxe4 21. Rf1 Nc5 22. Nxc5 Qxc5 23. Bc6
Bf6 24. b3 $2 (24. a6 Bxb2 25. a7 Ra8 26. Bxa8 Rxa8 $13) (24. Rxf6 Rfe8+ 25.
Bxe8 Rxe8+ 26. Kf1 Re3 27. Qd2 gxf6 28. a6 Qc4+) 24... Bc3+ 25. Kd1 Rbc8 26. a6
Rc7 27. Qe4 g6 28. Bb7 Kg7 29. g4 $4 f5 30. gxf5 Rxf5 31. Rxf5 gxf5 32. Qg2+
Kf6 33. a7 Qd4+ 34. Kc1 Qe3+ 35. Kb1 Qe1+ 0-1

[Event "Imre Konig Memorial 1st"]
[Site "San Francisco"]
[Date "2002.09.07"]
[Round "3"]
[White "Atalik, Suat"]
[Black "Nakamura, Hikaru"]
[Result "1/2-1/2"]
[WhiteElo "2551"]
[BlackElo "2494"]
[Annotator "Atalik,S"]
[PlyCount "80"]
[EventDate "2002.09.04"]
[EventType "tourn"]
[EventRounds "9"]
[EventCountry "USA"]
[EventCategory "12"]
[SourceTitle "CBM 092"]
[Source "ChessBase"]
[SourceDate "2003.02.06"]
[SourceVersion "1"]
[SourceVersionDate "2003.02.06"]
[SourceQuality "1"]

1. e4 c5 2. Nf3 d6 3. d4 cxd4 4. Nxd4 Nf6 5. Nc3 a6 6. f3 {Here we go again
with f3 against the Sicilian.} e5 7. Nb3 Be6 8. Be3 Be7 {Preventing an early
g4 for white.} (8... Nbd7 9. g4) 9. Qd2 (9. g4 $2 d5 10. g5 d4 $17) 9... O-O
10. O-O-O Qc7 11. g4 Rc8 {System popularized first on Internet and then tried
on Tiviakov in Wijk Aan Zee 2000 by GM Morozevich.} 12. g5 Nh5 {An interesting
novelty.The idea is after a possible Nd5 Bd5 ed5 to use the rook on the 4th
rank by Rg4.} 13. Rg1 $5 $146 Nd7 14. Nd5 Bxd5 15. exd5 a5 $1 {Though this
looks like the drawback in the system now kings castle is vulnerable.} 16. a4
Nf4 $2 {A grave positional blunder.} (16... Nb6 17. Bxb6 Qxb6 18. Bb5 Nf4 $11)
17. Kb1 Nb6 18. Bxf4 exf4 19. Bb5 Nc4 20. Bxc4 Qxc4 21. Rde1 $1 $16 {That is
the small trick that black has missed.} Bf8 22. Re4 Qc7 23. Rge1 {Looks like
the most natural to me.} (23. Nd4 $2 Qc5 {creates difficulties.}) (23. Rg4 g6
24. Rgxf4 Bg7 $16) 23... Qd7 ({After} 23... b5 {White has equally pleasant
choices.} 24. Rxf4 $16 (24. axb5 a4 25. Nc1 (25. Nd4 a3 26. Nc6) 25... a3 26.
b3)) 24. Qxf4 b5 25. Nd4 $1 $18 {It is almost impossible to blow such an edge,
but never say never!} bxa4 26. Nc6 {After some long thought.} ({Because I was
also attracted by a quick checkmate delivery.} 26. Nf5 $6 Qb7 (26... Re8 $4 27.
Nh6+ $1 gxh6 28. gxh6 $18) (26... Qc7) 27. Nh6+ gxh6 28. gxh6 Bg7 $1 {may turn
the tables.}) 26... Re8 27. Qg4 $6 (27. Rxe8 Rxe8 28. Rxe8 Qxe8 29. Qe4 Qxe4 (
29... Qd7 30. h4 Qh3 31. Ka2 $18) 30. fxe4 $18 {could even be simpler.}) 27...
Rxe4 28. Rxe4 Qb7 29. Rxa4 g6 30. Ka2 Bg7 31. c3 Qb6 32. Qd7 {That was
absolutely unnecessary!} (32. Qf4 Qf2) (32. h4 $18 {Patience usually delivers
the final blow in such positions.}) 32... Bxc3 $1 {Of course Nakamura takes
his chances instantly.} 33. bxc3 Qf2+ 34. Kb3 Qxf3 $1 {That is the point which
I have failed to notice.} (34... Qb6+ $2 35. Kc4 (35. Nb4 $2 Rb8 36. h4 Kg7 37.
Qg4 Kg8 $11) 35... Qc5+ 36. Kd3 Qxd5+ 37. Nd4 Qxg5 38. Rc4 $18) 35. Qg4 $4 {
Sudden collapse.} (35. Rxa5 $142 $1 {Probably the best under circumstances.}
Qd1+ (35... Rxa5 36. Qd8+ Kg7 37. Qf6+ Qxf6 38. gxf6+ Kxf6 39. Nxa5 $18) 36.
Kb4 Qb1+ 37. Ka4 Qc2+ 38. Kb5 Qb3+ 39. Nb4 Rb8+ 40. Ka6 Qxc3 41. Nc6 Rb2 {
But I did not fancy my king around the corner besides I hate fucking knights.}
42. Qxd6 Qb3 43. Qc7 $18) (35. Rd4 $6 a4+ 36. Kb4 Qf2 $1 {That is annoying.} (
36... a3 $6 37. Qb7 (37. Nd8 Rb8+) 37... Re8 38. Qa6 Re1 $16) 37. Qxd6 (37. Kb5
a3 38. Qb7 Re8) 37... Qb2+ 38. Kc5 Qa3+ 39. Rb4 (39. Nb4 $2 Qxc3+ 40. Rc4 Rc8+
41. Qc6 {looks to fancy.} (41. Nc6 Qa5+)) 39... Qxc3+ 40. Kb5 a3 41. Rd4 Qb2+
42. Qb4 Qe2+ $11) 35... Qxd5+ 36. Qc4 (36. Rc4 Re8) 36... Qd1+ $11 {Believe or
not I have missed this!} 37. Ka3 Qa1+ 38. Kb3 Qb1+ 39. Ka3 Qa1+ 40. Kb3 Qb1+
1/2-1/2